Prestavba hospodárskeho mechanizmu v oblasti ZEV v ČSSR

Salvato in:
Dettagli Bibliografici
Autore principale: Raček, Pavol
Ente Autore: Vysoká škola ekonomická v Bratislave. Obchodná fakulta
Altri autori: Szanto, Erich
Natura: Libro
Lingua:slovacco
Pubblicazione: Bratislava VŠE 1989
Edizione:1. vyd.
Tags: Aggiungi Tag
Nessun Tag, puoi essere il primo ad aggiungerne!!

MARC

LEADER 00000nam a2200000 4500
001 c028467
005 20221215071237.8
041 0 |a slo 
044 |a SK 
245 1 0 |a Prestavba hospodárskeho mechanizmu v oblasti ZEV v ČSSR  |c Pavol Raček, Erich Szanto 
250 |a 1. vyd. 
264 1 |a Bratislava  |b VŠE  |c 1989 
300 |a 227 s. 
100 1 |a Raček, Pavol 
700 1 |a Szanto, Erich 
710 2 |a Vysoká škola ekonomická v Bratislave. Obchodná fakulta